00315nam a2200097Ia 4500008004100000020001800041100001800059245010300077260002300180300001400203180116s9999 xx 000 0 und d a9780128036426 aKon, Kateryna cKateryna Kon, Mahendra RaiaAntibiotic Resistance :bMechanisms and New Antimicrobial Approaches / bElsevier Incc2016 a413 pages